01835nam a2200205Ia 4500999001500000020001800015082002200033100002300055245007500078260004500153300001300198504004200211520113700253546001201390650003001402650002401432650002301456942001201479952013801491 c9280d9280 a9780199477425 a305.550954bGIL-W aGilbertson, Amanda 0aWithin the limitsbMoral Boundaries Of Class And Gender In Urban India aNew DelhibOxford University Pressc2018 aix, 236p aBibliography, Index, About the Author aThe post-liberalization era of the Indian economy has given birth to a burgeoning middle class who has gained increasing prominence in the political and cultural imagination of the nation. Many erstwhile scholars have attempted to concretely define the size and scope of the middle class in India only to accede to the extraordinary variety of people living in multiple socio-economic circumstances, identifying with this class. This book thus explores what being middle class means to those who claim to belong to this class. Drawing on ethnographic material from the South Indian city of Hyderabad, the author highlights the centrality of moral discourses in the production of class and gender in urban India. She explores school education patterns, shifting marriage ideals, and youth cultures such as dating and fashion to understand the new middle class world view. This world view, the work asserts, is built around developing cosmopolitan sensibilities within traditional caste-class and gender boundaries. The work also looks at the power of such a world view to naturalize and legitimize gender and class-caste hierarchies. aEnglish aSocial EthicszHyderabad  aMiddle ClasszIndia aSocial Conditions  cBK2ddc 00104070aNASSDOCbNASSDOCd2018-03-23eOPi2018-02-28l1o305.550954 GIL-Wp49802r2023-07-14 00:00:00s2023-05-29w2019-04-18yBK